Critical developments and applications of swarm intelligence /

Bibliographic Details
Corporate Author: IGI Global Online
Other Authors: Shi, Yuhui (Editor)
Format: eBook
Language:English
Published: Hershey, PA : Engineering Science Reference, [2018]
Subjects:
Online Access:Connect to the full text of this electronic book

MARC

Tag First Indicator Second Indicator Subfields
LEADER 00000cam a2200000Ii 4500
001 in00003976449
005 20210728135857.0
006 m o d
007 cr cnu---unuuu
008 180208s2018 pau ob 000 0 eng d
020 |a 1522551352  |q (electronic bk.) 
020 |a 9781522551355  |q (electronic bk.) 
020 |z 1522551344 
020 |z 9781522551348 
024 8 |a 40027969373 
035 |a (NhCcYBP)ybp14876677 
035 |a 5680130 
040 |a NhCcYBP  |c NhCcYBP  |d UtOrBLW 
050 4 |a Q337.3  |b .C75 2018 
072 7 |a COM  |x 000000  |2 bisacsh 
082 0 4 |a 006.3/824  |2 23 
245 0 0 |a Critical developments and applications of swarm intelligence /  |c Yuhui Shi, editor. 
264 1 |a Hershey, PA :  |b Engineering Science Reference,  |c [2018] 
264 4 |c ©2018 
300 |a 1 online resource. 
336 |a text  |b txt  |2 rdacontent 
337 |a computer  |b c  |2 rdamedia 
338 |a online resource  |b cr  |2 rdacarrier 
500 |a Electronic resource. 
504 |a Includes bibliographical references. 
588 0 |a Description based on online resource; title from PDF title page (EBSCO, viewed February 8, 2018). 
650 0 |a Swarm intelligence.  |0 http://id.loc.gov/authorities/subjects/sh2001001702 
655 7 |a Electronic books.  |2 local 
700 1 |a Shi, Yuhui,  |e editor.  |0 http://id.loc.gov/authorities/names/n00016035 
710 2 |a IGI Global Online. 
856 4 0 |u http://proxy.library.tamu.edu/login?url=https://dx.doi.org/10.4018/978-1-5225-5134-8  |z Connect to the full text of this electronic book  |t 0 
945 |a machinegen 
955 |a YBP purchased approval e-records 
980 |b 235.00  |g 1 
999 f f |s 92ca72d3-78f0-3335-b2a0-cb8f128cd525  |i 77efe882-c0f0-31b0-8454-1074e48c0826  |t 0 
952 f f |a Texas A&M University  |b College Station  |c Electronic Resources  |d Available Online  |t 0  |e Q337.3 .C75 2018  |h Library of Congress classification 
998 f f |a Q337.3 .C75 2018  |t 0  |l Available Online